书目信息 |
| 题名: |
PC机与MS-DOS6.22
|
|
| 作者: | 朱坡 | |
| 分册: | ||
| 出版信息: | 中国建材工 中国建材工业出版社 1998.11 |
|
| 页数: | 229页 | |
| 开本: | ||
| 丛书名: | ||
| 单 册: | ||
| 中图分类: | TP316.6 | |
| 科图分类: | ||
| 主题词: | 软件 | |
| 电子资源: | ||
| ISBN: | ||
| 000 | 00488nam0 2200193 45 | |
| 001 | 0308271087 | |
| 005 | 20030827105728.8 | |
| 010 | @d798.00元 | |
| 100 | @a20030827d1998 km y0chiy0120 ea | |
| 101 | @achi | |
| 105 | @a z 000yy | |
| 200 | 1 | @aPC机与MS-DOS6.22@APC ji yu MS-DOS6.22@f朱坡@Fzhu po |
| 210 | @a中国建材工@c中国建材工业出版社@d1998.11 | |
| 215 | @a229页 | |
| 606 | 0 | @a软件 |
| 690 | @aTP316.6@v3 | |
| 701 | 0 | @a朱坡 |
| 801 | @aCN@b@c20030827 | |
| 905 | @aBZT@dTP316.6@e125 | |
| PC机与MS-DOS6.22/朱坡.-中国建材工:中国建材工业出版社,1998.11 |
| 229页 |
| ISBN :798.00元 |
| ● |
| 相关链接 |
|
|
|
正题名:PC机与MS-DOS6.22
索取号:TP316.6/125
 
预约/预借
| 序号 | 登录号 | 条形码 | 馆藏地/架位号 | 状态 | 备注 |